Những sự kiện lịch sử thế kỷ 20 /

Nội dung giới thiệu những sự kiện diễn ra trong thế kỷ XX...

Kaydedildi:
Detaylı Bibliyografya
Diğer Yazarlar: Ngọc Thạch (dịch.)
Materyal Türü: Kitap
Dil:Vietnamese
Baskı/Yayın Bilgisi: Hà Nội : Văn hoá thông tin, 2003.
Konular:
Etiketler: Etiketle
Etiket eklenmemiş, İlk siz ekleyin!
Thư viện lưu trữ: Mạng thư viện Đại học Đà Nẵng
LEADER 01198cam a2200349 a 4500
001 000043970
003 2117
005 20060424095906.0
008 010217b2003 vm 000 vie
020 |c 35500 
040 |a LRC  |c LRC  |d LRC 
041 1 |a vie 
082 1 4 |a 909.82  |b Sư-K 
245 0 6 |a Những sự kiện lịch sử thế kỷ 20 /  |c Ngọc Thạch biên dịch. 
260 |a Hà Nội :  |b Văn hoá thông tin,  |c 2003. 
300 |a 352 tr. ;  |c 20 cm. 
520 3 |a Nội dung giới thiệu những sự kiện diễn ra trong thế kỷ XX... 
630 0 4 |a Sự kiện lịch sử. 
650 0 4 |a Sự kiện thế giới  |y Thế kỷ XX. 
700 1 |a Ngọc Thạch,  |e dịch. 
OWN |a DUT 
AVA |a UDN50  |b DUT  |c Book  |d 909.82 Sư-K  |e available  |t Error 5001 Not defined in file expand_doc_bib_avail.  |f 2  |g 0  |h N  |i 0  |j SH  |k 1 
999 |a From the UDN01 
AVA |a UDN50  |b DUT  |c Book  |d 909.82 Sư-K  |e available  |t Error 5001 Not defined in file expand_doc_bib_avail.  |f 2  |g 0  |h N  |i 0  |j SH  |k 1 
TYP |a Monograph 
TYP |a Printed language 
980 |a Mạng thư viện Đại học Đà Nẵng